000 00720nam a2200241 4500
001 73120
005 20260430081214.0
010 _a978-972-0-72626-1
090 _a73120
100 _a20260429d2024 a||y0pory50030103ba
101 0 _apor
102 _aPT
200 1 _aO rapaz de bronze
_fSophia de Mello Breyner Andresen
_gil. Inês do Carmo
205 _a20.ª ed. reimp.
210 9 _aPorto
_cPorto Editora,
_d2024
215 _a50, [2] p.
_cil. color., des.
675 _a087.5
_vBN
_zpor
675 _a821.134.3-93"19/20"
_vBN
_zpor
675 _a821.134.3-34"19/20"
_vBN
_zpor
700 1 _aAndresen
_bSofia de Melo Breyner
_f1919-2004
_950173
702 _aCarmo
_bInês do
_f1968-
_4440
_912704
801 0 _aPT
_bBN
_gRPC
942 _cMON
_n0